000
00358nam a22001217a 4500
040
_c
SY
082
_a
908
100
_a
ហ៊ីង សាលីន
245
_a
ប្រវត្តិនៃការអភិវឌ្ឍន៍សេដ្ឋកិច្ចនៅកម្ពុជា
260
_a
RUA
_b
ហ៊ីង
_c
2005
300
_a
116p.
942
_c
KB
999
_c
9075
_d
9075